00832nam a22001577a 4500008004100000020001500041082001600056100002000072245006400092260004400156300003100200500027300231942001200504999001700516952014100533141020b xxu||||| |||| 00| 0 eng d a8182741556 a546.003 JAC 9692aJack David aEncyclopaedic dictionary of inorganic chemistrycDavid Jack aNew Delhi : bPentagon Press, cc.2004. a208 p. :b ill. ; c23 cm. ahttps://www.worldcat.org/title/encyclopaedic-dictionary-of-inorganic-chemistry/oclc/835531844&referer=brief_results http://www.amazon.com/Encyclopaedic-Dictionaries-Inorganic-Chemistry/dp/8182741556/ref=sr_1_1?s=books&ie=UTF8&qid=1413785244&sr=1-1&keywords=8182741556 2ddccBK c61159d61159 00102ddc4070aPNECbPNECcREFd2005-06-17eVangaurd Booksg620.00l0o546.003 JACpPNECLIB-026838r2014-10-20v620.00w2005-06-17yBK